Library Logo

Pioneer International University Library Catalogue

Je vois tout (Record no. 9370)

MARC details
000 -LEADER
fixed length control field 00431nam a22001457a 4500
005 - DATE AND TIME OF LATEST TRANSACTION
control field 20250901165810.0
008 - FIXED-LENGTH DATA ELEMENTS--GENERAL INFORMATION
fixed length control field 250321b |||||||| |||| 00| 0 eng d
020 ## - INTERNATIONAL STANDARD BOOK NUMBER
International Standard Book Number 0195731646
050 ## - LIBRARY OF CONGRESS CALL NUMBER
Classification number PZ90.F72 .O36 2002
245 ## - TITLE STATEMENT
Title Je vois tout
Statement of responsibility, etc. by Frank Odoi
260 ## - PUBLICATION, DISTRIBUTION, ETC.
Place of publication, distribution, etc. Nairobi:
Name of publisher, distributor, etc. Oxford University Press,
Date of publication, distribution, etc. 2002.
300 ## - PHYSICAL DESCRIPTION
Extent 24 p.:
Other physical details col. ill.:
Dimensions 15 cm.
500 ## - GENERAL NOTE
Linkage [Translated into French by] Angela Uwamahoro Kamanzi
942 ## - ADDED ENTRY ELEMENTS (KOHA)
Source of classification or shelving scheme Library of Congress Classification
Holdings
Withdrawn status Lost status Source of classification or shelving scheme Damaged status Not for loan Collection Home library Current library Shelving location Date acquired Source of acquisition Total checkouts Full call number Barcode Date last seen Copy number Price effective from Koha item type
    Library of Congress Classification       Main Library Main Library   03/21/2025 Donation from KICD   PZ90.F72 .O36 2002 PIUD0000366 03/21/2025 1 03/21/2025 Books
    Library of Congress Classification       Main Library Main Library   03/21/2025 Donation from KICD   PZ90.F72 .O36 2002 PIUD0000367 03/21/2025 2 03/21/2025 Books